|
|
|
|
| LEADER |
00882nab a2200253 i 4500 |
| 001 |
misc65353 |
| 005 |
20240527080236.0 |
| 008 |
240215s1975 hu o 000 tur d |
| 040 |
|
|
|a SZTE Miscellanea Repozitórium
|b hun
|
| 041 |
|
|
|a tur
|
| 100 |
1 |
|
|a Zieme Peter
|
| 245 |
1 |
0 |
|a Kâşgari ve Türkçe Turfan metinleri
|h [elektronikus dokumentum] /
|c Zieme Peter
|
| 260 |
|
|
|a Ankara Üniversitesi Basimevi
|b Ankara
|c 1975
|
| 300 |
|
|
|a 463-468
|c 24 cm
|
| 300 |
|
|
|a [6] p.
|c 24 cm
|
| 490 |
0 |
|
|a Bilimsel bildiriler, 1972 : I. Türk Dili Bilimsel Kurultayına sunulan bildiriler
|
| 561 |
|
|
|a Németh Gyula hagyaték
|
| 591 |
|
|
|a NOA 6566
|
| 650 |
|
4 |
|a Bölcsészettudományok
|
| 650 |
|
4 |
|a Nyelvek és irodalom
|
| 695 |
|
|
|a Török nyelvemlék
|
| 700 |
0 |
1 |
|a Kashghari Mahmud
|
| 700 |
0 |
1 |
|a Tezcan Semih
|
| 856 |
4 |
0 |
|u http://misc.bibl.u-szeged.hu/65353/1/6566_noa.pdf
|z Dokumentum-elérés
|